000
00400nam a2200133Ia 4500
008
151001s9999||||xx |||||||||||||| ||und||
100
_a
सुदुंबरेकर मेधा
245
_a
आर्ट अँड क्राफ्ट
250
_a
1
260
_b
"ज्योत्स्ना प्रकाशन ,मुंबई"
260
_c
2013
300
_a
64
365
_b
21
999
_c
1002052
_d
1002049